Anatomie: Scapula - Statistiken

Allgemein
  • Dieses Quiz wurde 76 mal gespielt
  • Das Durchschnittsergebnis liegt bei 9 aus 18
Antwortstatistiken
Antwort % Korrekt
Angulus inferior
82%
Angulus superior
82%
Margo lateralis
82%
Margo medialis
82%
Spina scapulae
80%
Acromion
77%
Fossa supraspinata
66%
Fossa infraspinata
62%
Processus coracoideus
56%
Margo superior
52%
Tuberculum infraglenoidale
39%
Angulus lateralis
36%
Tuberculum supraglenoidale
36%
Incisura scapulae
31%
Cavitas glenoidalis
21%
Collum scapulae
18%
Angulus acromii
16%
Facies articularis acromii
2%
Keine übereinstimmenden Quizze gefunden
Verteilung der Resultate
Anzahl Personen mit jedem Resultat
Perzentil nach korrekt beantworteten Fragen
Ihre Resultats-Entwicklung
Sie haben dieses Quiz noch nicht gespielt